000
00416nam a2200133Ia 4500
008
100328s9999 xx 000 0 und d
082
_b
71874
100
_a
बापट नितिन
245
_a
आंधळा न्याय
260
_b
मेहता पब्लिशिंग हाऊस.
630
_a
आंधळा न्याय
730
_a
आंधळा न्याय
942
_c
BOOK
999
_c
557597
_d
557594